A mountain to climb (Record no. 76556)

MARC details
000 -LEADER
fixed length control field 01018cab a2200181 4500
001 - CONTROL NUMBER
control field ##l132685
008 - FIXED-LENGTH DATA ELEMENTS--GENERAL INFORMATION
fixed length control field 060228n2006 000 0 eng u
035 ## - SYSTEM CONTROL NUMBER
System control number (Sirsi) u132685
041 0# - LANGUAGE CODE
Language code of text/sound track or separate title eng
100 1# - MAIN ENTRY--PERSONAL NAME
Personal name Crates, Emma
245 02 - TITLE STATEMENT
Title A mountain to climb
260 ## - PUBLICATION, DISTRIBUTION, ETC.
Date of publication, distribution, etc. 2006
490 #0 - SERIES STATEMENT
Series statement Construction News
Volume/sequential designation (6955) 23 February 2006, 48-49(2)
520 ## - SUMMARY, ETC.
Summary, etc. Interview with John Green, group director for health, safety and corporate responsibility at Alfred McAlpine, who argues that corporate safety goals are often wrongly separated from performance, with safety being sacrificed to productivity. Companies must make it clear that safety risks will be regarded in the same light as loss of productivity. Safety officers need to acquire a better understanding of the business, whilst those in charge of commercial operations require a better understanding of safety.
590 ## - LOCAL NOTE (RLIN)
Local note IKA280206
690 ## - LOCAL SUBJECT ADDED ENTRY--TOPICAL TERM (OCLC, RLIN)
Topical term or geographic name as entry element MANAGEMENT-HEALTH AND SAFETY-HEALTH AND SAFETY RISK MANAGEMENT-HEALTH AND SAFETY RISK PLANNING
942 ## - ADDED ENTRY ELEMENTS (KOHA)
Suppress in OPAC 0
Holdings
Withdrawn status Lost status Source of classification or shelving scheme Damaged status Not for loan Home library Current library Shelving location Date acquired Total Checkouts Full call number Barcode Date last seen Copy number Price effective from Koha item type
    Dewey Decimal Classification     London London Journal article 28/02/2006   L132685 132685-1001 06/08/2019 1 06/08/2019 Journal article